000 00411nam a2200181Ia 4500
001 24876
005 20260414151112.0
008 260414t2013||||xx |||||||||||||| ||spa||
041 _aESP
082 _a346
_bO617 V. 17
110 _aObservatorio de Derecho Civil
245 0 _aLas obligaciones
_b
260 _c2013
300 _a
_c24 cm.
650 _aDER
654 _aCDE
942 _cLIB
_dJUS
_fJUS
_2ddc
_n
999 _c24876
_d24876